Sustainable urban design : (Record no. 12033)
[ view plain ]
| 000 -LEADER | |
|---|---|
| fixed length control field | 02030cam a22003498a 4500 |
| 001 - CONTROL NUMBER | |
| control field | 15542519 |
| 005 - DATE AND TIME OF LATEST TRANSACTION | |
| control field | 20090127090357.0 |
| 008 - FIXED-LENGTH DATA ELEMENTS--GENERAL INFORMATION | |
| fixed length control field | 081203s2010 nyu b 001 0 eng |
| 010 ## - LIBRARY OF CONGRESS CONTROL NUMBER | |
| LC control number | 2008050452 |
| 020 ## - INTERNATIONAL STANDARD BOOK NUMBER | |
| International Standard Book Number | 9780415447812 (hardback : alk. paper) |
| 020 ## - INTERNATIONAL STANDARD BOOK NUMBER | |
| International Standard Book Number | 9780415447829 (pbk. : alk. paper) |
| 020 ## - INTERNATIONAL STANDARD BOOK NUMBER | |
| International Standard Book Number | 04154478828 (pbk. : alk. paper) |
| 020 ## - INTERNATIONAL STANDARD BOOK NUMBER | |
| International Standard Book Number | 041544781x (pbk. : alk. paper) |
| 040 ## - CATALOGING SOURCE | |
| Original cataloging agency | DLC |
| Transcribing agency | DLC |
| Modifying agency | DLC |
| 050 00 - LIBRARY OF CONGRESS CALL NUMBER | |
| Classification number | HT241 |
| Item number | .S8735 2010 |
| 082 00 - DEWEY DECIMAL CLASSIFICATION NUMBER | |
| Classification number | 307.76 |
| Edition number | 22 |
| Item number | SUS |
| 245 00 - TITLE STATEMENT | |
| Title | Sustainable urban design : |
| Remainder of title | An environmental approach / |
| Statement of responsibility, etc | Edited by Adam Ritchie and Randall Thomas. |
| 250 ## - EDITION STATEMENT | |
| Edition statement | 2nd ed. |
| 260 ## - PUBLICATION, DISTRIBUTION, ETC. (IMPRINT) | |
| Place of publication, distribution, etc | New York, NY : |
| Name of publisher, distributor, etc | Taylor & Francis, |
| Date of publication, distribution, etc | c2009. |
| 263 ## - PROJECTED PUBLICATION DATE | |
| Projected publication date | 0901 |
| 300 ## - PHYSICAL DESCRIPTION | |
| Extent | xiv, 241 p. : |
| Other physical details | col. ill.; |
| Dimensions | 32 cm. |
| 504 ## - BIBLIOGRAPHY, ETC. NOTE | |
| Bibliography, etc | Includes bibliographical references and index. |
| 505 0# - FORMATTED CONTENTS NOTE | |
| Formatted contents note | Urban planning and design -- Transportation -- Landscape and nature in the city -- Building design -- Energy and information -- Materials -- Water -- Waste and resources -- Coopers road estate : regeneration -- Parkmount : streetscape and solar design -- Coin street housing : the architecture of engagement -- Sustainable design in an urban context : three case studies -- BedZED : Beddington zero-fossil energy development -- Bo01 and Flagghusen : ecological city districts in Malm�o, Sweden -- Stonebridge: negotiating between traditional and modernist models of city housing -- "Made in Stockwell" and Deptford Wharves -- Millennium water : Vancouver's Olympic Village, Canada. |
| 650 #0 - SUBJECT ADDED ENTRY--TOPICAL TERM | |
| Topical term or geographic name as entry element | Urban ecology (Sociology) |
| 9 (RLIN) | 6929 |
| 650 #0 - SUBJECT ADDED ENTRY--TOPICAL TERM | |
| Topical term or geographic name as entry element | City planning |
| General subdivision | Environmental aspects. |
| 9 (RLIN) | 6930 |
| 650 #0 - SUBJECT ADDED ENTRY--TOPICAL TERM | |
| Topical term or geographic name as entry element | Sustainable development. |
| 9 (RLIN) | 6931 |
| 700 1# - ADDED ENTRY--PERSONAL NAME | |
| Personal name | Ritchie, Adam. |
| 9 (RLIN) | 6932 |
| 700 1# - ADDED ENTRY--PERSONAL NAME | |
| Personal name | Thomas, Randall. |
| 9 (RLIN) | 6933 |
| 942 ## - ADDED ENTRY ELEMENTS (KOHA) | |
| Source of classification or shelving scheme | Dewey Decimal Classification |
| Item type | Book - Borrowing |
| Withdrawn status | Item status | Source of classification or shelving scheme | Damaged status | Not for loan | Vendor | Home library | Current library | Shelving location | Date acquired | Source of acquisition | Cost, normal purchase price | Serial Enumeration / chronology | Total Checkouts | Total Renewals | Full call number | Barcode | Date last seen | Date last borrowed | Koha item type |
|---|---|---|---|---|---|---|---|---|---|---|---|---|---|---|---|---|---|---|---|
| Dewey Decimal Classification | Alahram | Central Library | Central Library | First floor | 25/06/2009 | 324.00 | 383 | 9 | 51 | 307.76 SUS | 000016958 | 15/07/2025 | 13/12/2021 | Book - Borrowing |